ARRUPE JESUIT UNIVERSITY

CORONAVIRUS -STOP THE SPREAD - CLEAN,DISINFECT,COVER

Yoruba proverbs / (Record no. 119416)

MARC details
000 -LEADER
fixed length control field 01364cam a22003374a 4500
001 - CONTROL NUMBER
control field 13821462
003 - CONTROL NUMBER IDENTIFIER
control field ARRUPE
005 - DATE AND TIME OF LATEST TRANSACTION
control field 20131219173605.0
008 - FIXED-LENGTH DATA ELEMENTS--GENERAL INFORMATION
fixed length control field 041220s2005 nbu b s000 0 eng
010 ## - LIBRARY OF CONGRESS CONTROL NUMBER
LC control number 2004065911
020 ## - INTERNATIONAL STANDARD BOOK NUMBER
International Standard Book Number 0803235763 (cloth : alk. paper)
040 ## - CATALOGING SOURCE
Original cataloging agency DLC
Transcribing agency DLC
Modifying agency DLC
041 1# - LANGUAGE CODE
Language code of text/sound track or separate title eng
-- yor
Language code of original and/or intermediate translations of text yor
042 ## - AUTHENTICATION CODE
Authentication code pcc
050 00 - LIBRARY OF CONGRESS CALL NUMBER
Classification number PN6519.Y6
Item number O97 2005
082 00 - DEWEY DECIMAL CLASSIFICATION NUMBER
Classification number 398/.996333
Edition number 22
300 ## - PHYSICAL DESCRIPTION
Dimensions 26 cm.
100 1# - MAIN ENTRY--PERSONAL NAME
Personal name Owomoyela, Oyekan.
9 (RLIN) 6183
245 10 - TITLE STATEMENT
Title Yoruba proverbs /
Statement of responsibility, etc Oyekan Owomoyela.
260 ## - PUBLICATION, DISTRIBUTION, ETC. (IMPRINT)
Place of publication, distribution, etc Lincoln :
Name of publisher, distributor, etc University of Nebraska Press,
Date of publication, distribution, etc c2005.
300 ## - PHYSICAL DESCRIPTION
Extent x, 502 p. ;
504 ## - BIBLIOGRAPHY, ETC. NOTE
Bibliography, etc Includes bibliographical references (p. [501]-502).
546 ## - LANGUAGE NOTE
Language note Parallel English and Yoruba.
650 #0 - SUBJECT ADDED ENTRY--TOPICAL TERM
Topical term or geographic name as entry element Proverbs, Yoruba.
9 (RLIN) 6184
650 #0 - SUBJECT ADDED ENTRY--TOPICAL TERM
Topical term or geographic name as entry element Proverbs, Yoruba
Form subdivision Translations into English.
9 (RLIN) 6185
856 41 - ELECTRONIC LOCATION AND ACCESS
Materials specified Table of contents
Uniform Resource Identifier <a href="http://www.loc.gov/catdir/toc/fy0602/2004065911.html">http://www.loc.gov/catdir/toc/fy0602/2004065911.html</a>
856 42 - ELECTRONIC LOCATION AND ACCESS
Materials specified Contributor biographical information
Uniform Resource Identifier <a href="http://www.loc.gov/catdir/enhancements/fy0708/2004065911-b.html">http://www.loc.gov/catdir/enhancements/fy0708/2004065911-b.html</a>
856 42 - ELECTRONIC LOCATION AND ACCESS
Materials specified Publisher description
Uniform Resource Identifier <a href="http://www.loc.gov/catdir/enhancements/fy0708/2004065911-d.html">http://www.loc.gov/catdir/enhancements/fy0708/2004065911-d.html</a>
906 ## - LOCAL DATA ELEMENT F, LDF (RLIN)
a 7
b cbc
c orignew
d 1
e ocip
f 20
g y-gencatlg
942 ## - ADDED ENTRY ELEMENTS (KOHA)
Source of classification or shelving scheme Library of Congress Classification
Koha item type Monograph ( Printed materials)
Holdings
Withdrawn status Lost status Source of classification or shelving scheme Damaged status Not for loan Home library Current library Shelving location Date acquired Total Checkouts Full call number Barcode Date last seen Date checked out Price effective from Koha item type
    Library of Congress Classification     ARRUPE LIBRARY ARRUPE LIBRARY Main Collection 19/12/2013 1 PN6519.Y6 O97 2005 464122458 06/02/2023 27/01/2023 19/12/2013 Monograph ( Printed materials)

 

Arrupe Library. PO Box MP320 Mt Pleasant, Harare, Zimbabwe
263 242 745411|librarian@aju.ac.zw